[Event "George Trundle Reserves 2016"]
[Site "Auckland"]
[Date "2016.07.16"]
[Round "8.1"]
[White "Braganza, Nadia"]
[Black "Song, Kate"]
[Result "0-1"]
[LiveChessVersion "1.4.8"]
[BlackElo "1695"]
[WhiteElo "1358"]

1. e4 {[%clk 1:30:55]} e5 {[%clk 1:30:45]} 2. Nf3 {[%clk 1:31:17]} Nc6
{[%clk 1:31:11]} 3. Bc4 {[%clk 1:31:33]} Nf6 {[%clk 1:31:29]} 4. d3
{[%clk 1:31:36]} Be7 {[%clk 1:31:52]} 5. O-O {[%clk 1:31:03]} d6 {[%clk 1:32:12]}
6. Be3 {[%clk 1:30:34]} O-O {[%clk 1:32:20]} 7. h3 {[%clk 1:29:17]} a6
{[%clk 1:32:38]} 8. Nbd2 {[%clk 1:28:08]} b5 {[%clk 1:32:49]} 9. Bb3
{[%clk 1:28:23]} Na5 {[%clk 1:33:14]} 10. c3 {[%clk 1:27:52]} Nxb3
{[%clk 1:33:38]} 11. axb3 {[%clk 1:27:30]} c5 {[%clk 1:32:52]} 12. d4
{[%clk 1:27:18]} Qc7 {[%clk 1:32:55]} 13. d5 {[%clk 1:26:00]} Bd7
{[%clk 1:32:17]} 14. Nh4 {[%clk 1:23:54]} g6 {[%clk 1:26:01]} 15. f4
{[%clk 1:23:50]} Nxd5 {[%clk 1:24:58]} 16. Nxg6 {[%clk 1:09:39]} fxg6
{[%clk 1:23:42]} 17. exd5 {[%clk 1:10:00]} Bf5 {[%clk 1:20:52]} 18. Nf3
{[%clk 1:05:22]} Qb7 {[%clk 1:19:55]} 19. fxe5 {[%clk 1:00:18]} Be4
{[%clk 1:19:37]} 20. Bh6 {[%clk 0:53:41]} Rf5 {[%clk 1:17:59]} 21. g4
{[%clk 0:47:08]} Bxf3 {[%clk 1:16:51]} 22. Rxf3 {[%clk 0:46:57]} Rxe5
{[%clk 1:16:16]} 23. Re3 {[%clk 0:41:21]} Rxe3 {[%clk 1:15:26]} 24. Bxe3
{[%clk 0:41:41]} Bf6 {[%clk 1:15:46]} 25. Qf3 {[%clk 0:38:26]} Rf8
{[%clk 1:14:31]} 26. Qe4 {[%clk 0:37:04]} Be5 {[%clk 1:13:04]} 27. Bh6
{[%clk 0:30:10]} Rf7 {[%clk 1:12:58]} 28. Rd1 {[%clk 0:27:11]} Qe7
{[%clk 1:12:53]} 29. Qe3 {[%clk 0:26:02]} Qf6 {[%clk 1:11:13]} 30. Bg5
{[%clk 0:21:18]} Qf3 {[%clk 1:11:23]} 31. Qxf3 {[%clk 0:18:27]} Rxf3
{[%clk 1:10:51]} 32. h4 {[%clk 0:14:25]} Rg3+ {[%clk 1:11:01]} 33. Kf2
{[%clk 0:14:18]} Rxg4 {[%clk 1:11:21]} 34. Rf1 {[%clk 0:13:02]} b4
{[%clk 1:10:59]} 35. c4 {[%clk 0:09:01]} Bxb2 {[%clk 1:10:57]} 36. Ke1
{[%clk 0:08:09]} Rg3 {[%clk 1:09:19]} 37. Bh6 {[%clk 0:05:14]} Bg7
{[%clk 1:09:03]} 38. Bf4 {[%clk 0:05:36]} Rxb3 {[%clk 1:09:03]} 39. Ke2
{[%clk 0:03:22]} Bf8 {[%clk 1:08:38]} 40. Rc1 {[%clk 0:32:09]} a5
{[%clk 1:38:30]} 41. Kd2 {[%clk 0:30:59]} a4 {[%clk 1:38:03]} 42. Kc2
{[%clk 0:31:02]} Rc3+ {[%clk 1:37:56]} 43. Kb2 {[%clk 0:31:09]} Rxc1
{[%clk 1:38:19]} 44. Bxc1 {[%clk 0:31:29]} Kf7 {[%clk 1:38:41]} 45. Ka2
{[%clk 0:31:37]} Kf6 {[%clk 1:39:02]} 46. Bg5+ {[%clk 0:31:51]} Kf5
{[%clk 1:39:28]} 47. Bd2 {[%clk 0:31:52]} Ke4 {[%clk 1:39:52]} 48. Bc1
{[%clk 0:31:53]} Kd3 {[%clk 1:40:15]} 49. Bb2 {[%clk 0:32:16]} Kxc4
{[%clk 1:40:40]} 50. Bf6 {[%clk 0:31:55]} Kxd5 {[%clk 1:41:01]} 51. Bh8
{[%clk 0:31:58]} c4 {[%clk 1:41:21]} 52. Bb2 {[%clk 0:32:18]} Ke4
{[%clk 1:41:40]} 53. Bf6 {[%clk 0:32:18]} d5 {[%clk 1:41:48]} 54. Bb2
{[%clk 0:32:38]} c3 {[%clk 1:41:56]} 55. Bc1 {[%clk 0:32:47]} b3+
{[%clk 1:42:18]} 56. Kb1 {[%clk 0:32:53]} Bg7 {[%clk 1:42:35]} 57. Ba3
{[%clk 0:32:47]} c2+ {[%clk 1:42:58]} 58. Kc1 {[%clk 0:33:12]} Bh6+
{[%clk 1:43:23]} 59. Kb2 {[%clk 0:33:08]} c1=Q# {[%clk 1:43:50]} 0-1

[Event "George Trundle Reserves 2016"]
[Site "Auckland"]
[Date "2016.07.16"]
[Round "8.2"]
[White "Punsalan, Vyanla M"]
[Black "Mukkattu, Philip"]
[Result "1/2-1/2"]
[LiveChessVersion "1.4.8"]
[BlackElo "1658"]
[WhiteElo "1649"]

1. e4 {[%clk 1:30:52]} c6 {[%clk 1:30:59]} 2. Nc3 {[%clk 1:31:07]} d5
{[%clk 1:31:07]} 3. exd5 {[%clk 1:31:09]} cxd5 {[%clk 1:31:35]} 4. d4
{[%clk 1:31:20]} Nf6 {[%clk 1:31:08]} 5. Nf3 {[%clk 1:30:52]} Nc6
{[%clk 1:29:30]} 6. Ne5 {[%clk 1:26:38]} a6 {[%clk 1:29:06]} 7. g3
{[%clk 1:25:05]} Bf5 {[%clk 1:29:16]} 8. Nxc6 {[%clk 1:17:44]} bxc6
{[%clk 1:29:41]} 9. Bg2 {[%clk 1:17:39]} e6 {[%clk 1:29:12]} 10. O-O
{[%clk 1:14:27]} Be7 {[%clk 1:29:19]} 11. Be3 {[%clk 1:09:35]} O-O
{[%clk 1:26:40]} 12. h3 {[%clk 1:06:59]} h6 {[%clk 1:26:53]} 13. Qd2
{[%clk 1:04:37]} Rc8 {[%clk 1:24:49]} 14. Ne2 {[%clk 0:56:49]} c5
{[%clk 1:21:59]} 15. c3 {[%clk 0:55:32]} Ne4 {[%clk 1:22:00]} 16. Qe1
{[%clk 0:52:35]} c4 {[%clk 1:19:38]} 17. f3 {[%clk 0:44:09]} Ng5 {[%clk 1:12:37]}
18. Nf4 {[%clk 0:36:54]} Bd6 {[%clk 1:08:40]} 19. g4 {[%clk 0:32:32]} Bxf4
{[%clk 1:09:05]} 20. Bxf4 {[%clk 0:32:37]} Bd3 {[%clk 1:09:16]} 21. Rf2
{[%clk 0:31:55]} Re8 {[%clk 1:05:23]} 22. Qd2 {[%clk 0:28:25]} f5
{[%clk 0:57:59]} 23. Bg3 {[%clk 0:17:18]} Nf7 {[%clk 0:54:10]} 24. Bf1
{[%clk 0:16:09]} Bxf1 {[%clk 0:54:12]} 25. Raxf1 {[%clk 0:15:30]} fxg4
{[%clk 0:51:33]} 26. hxg4 {[%clk 0:14:14]} Qa5 {[%clk 0:41:12]} 27. f4
{[%clk 0:09:14]} Nd6 {[%clk 0:40:30]} 28. Qe3 {[%clk 0:08:33]} Ne4
{[%clk 0:40:36]} 29. Rh2 {[%clk 0:07:53]} Qxa2 {[%clk 0:34:12]} 30. g5
{[%clk 0:06:09]} Rb8 {[%clk 0:33:36]} 31. Qf3 {[%clk 0:02:24]} Rxb2
{[%clk 0:28:16]} 32. Qh5 {[%clk 0:01:33]} Reb8 {[%clk 0:26:42]} 33. Qg6
{[%clk 0:00:55]} Rxh2 {[%clk 0:24:23]} 34. Bxh2 {[%clk 0:01:15]} hxg5
{[%clk 0:17:02]} 35. fxg5 {[%clk 0:01:13]} Rb1 {[%clk 0:07:31]} 36. Qxe6+
{[%clk 0:01:26]} Kh8 {[%clk 0:07:11]} 37. Qe8+ {[%clk 0:00:57]} Kh7
{[%clk 0:07:23]} 38. Qh5+ {[%clk 0:00:56]} Kg8 {[%clk 0:07:33]} 39. Qe8+
{[%clk 0:00:47]} Kh7 {[%clk 0:08:01]} 40. Qh5+ {[%clk 0:30:44]} Kg8
{[%clk 0:38:28]} 41. Qf7+ {[%clk 0:20:01]} Kh8 {[%clk 0:28:39]} 42. Qf8+
{[%clk 0:19:05]} Kh7 {[%clk 0:28:53]} 43. Qf5+ {[%clk 0:01:54]} 1/2-1/2

[Event "George Trundle Reserves 2016"]
[Site "Auckland"]
[Date "2016.07.16"]
[Round "8.3"]
[White "Lyall, Simon"]
[Black "Yan, Caroline"]
[Result "0-1"]
[LiveChessVersion "1.4.8"]
[BlackElo "1743"]
[WhiteElo "1762"]

1. e4 {[%clk 1:30:58]} e6 {[%clk 1:30:55]} 2. d4 {[%clk 1:31:24]} d5
{[%clk 1:31:19]} 3. e5 {[%clk 1:31:34]} c5 {[%clk 1:31:44]} 4. c3
{[%clk 1:31:59]} Nc6 {[%clk 1:32:09]} 5. Nf3 {[%clk 1:32:23]} a6 {[%clk 1:32:16]}
6. a3 {[%clk 1:30:08]} b5 {[%clk 1:30:09]} 7. b4 {[%clk 1:27:22]} cxd4
{[%clk 1:28:53]} 8. cxd4 {[%clk 1:24:21]} Qb6 {[%clk 1:28:37]} 9. Bb2
{[%clk 1:16:57]} a5 {[%clk 1:21:24]} 10. bxa5 {[%clk 1:13:12]} Nxa5
{[%clk 1:20:14]} 11. Be2 {[%clk 0:51:08]} Nc4 {[%clk 1:06:27]} 12. Qb3
{[%clk 0:43:24]} Rb8 {[%clk 1:04:57]} 13. O-O {[%clk 0:39:08]} Bd7
{[%clk 1:02:55]} 14. Bc3 {[%clk 0:34:30]} Ne7 {[%clk 0:51:26]} 15. Rd1
{[%clk 0:26:03]} Nc6 {[%clk 0:48:33]} 16. Bb4 {[%clk 0:24:16]} Bxb4
{[%clk 0:39:28]} 17. axb4 {[%clk 0:24:07]} O-O {[%clk 0:39:44]} 18. Na3
{[%clk 0:22:02]} Bc8 {[%clk 0:26:10]} 19. Nc2 {[%clk 0:21:42]} Bb7
{[%clk 0:26:05]} 20. Qc3 {[%clk 0:18:53]} Ra8 {[%clk 0:25:45]} 21. Rxa8
{[%clk 0:18:04]} Rxa8 {[%clk 0:26:08]} 22. Ra1 {[%clk 0:18:30]} Ra6
{[%clk 0:25:14]} 23. Nd2 {[%clk 0:16:41]} Rxa1+ {[%clk 0:24:50]} 24. Nxa1
{[%clk 0:16:59]} Qxd4 {[%clk 0:24:30]} 25. Qxd4 {[%clk 0:15:19]} Nxd4
{[%clk 0:24:55]} 26. Bxc4 {[%clk 0:14:41]} bxc4 {[%clk 0:24:43]} 27. Nb1
{[%clk 0:13:42]} Nc6 {[%clk 0:25:04]} 28. Nc2 {[%clk 0:13:48]} Nxe5
{[%clk 0:25:28]} 29. Nc3 {[%clk 0:12:36]} Nd7 {[%clk 0:25:06]} 30. f4
{[%clk 0:12:27]} f6 {[%clk 0:25:24]} 31. Nd4 {[%clk 0:11:28]} e5 {[%clk 0:25:40]}
32. fxe5 {[%clk 0:11:47]} fxe5 {[%clk 0:26:03]} 33. Nf5 {[%clk 0:12:10]} d4
{[%clk 0:26:05]} 34. Na2 {[%clk 0:11:27]} c3 {[%clk 0:26:22]} 35. Kf2
{[%clk 0:11:36]} g6 {[%clk 0:26:12]} 36. Nd6 {[%clk 0:11:25]} Bd5
{[%clk 0:26:27]} 37. Nc1 {[%clk 0:11:46]} e4 {[%clk 0:26:46]} 38. Nb5
{[%clk 0:10:47]} e3+ {[%clk 0:17:04]} 39. Ke1 {[%clk 0:11:05]} d3
{[%clk 0:16:53]} 40. Nxd3 {[%clk 0:36:42]} Bc4 {[%clk 0:47:14]} 41. Nxc3
{[%clk 0:37:11]} Bxd3 {[%clk 0:47:33]} 42. Nd5 {[%clk 0:37:27]} e2
{[%clk 0:47:51]} 43. Nf4 {[%clk 0:37:42]} Bc4 {[%clk 0:47:49]} 44. Nxe2
{[%clk 0:38:03]} Bxe2 {[%clk 0:48:09]} 45. Kxe2 {[%clk 0:38:32]} Kf7
{[%clk 0:48:13]} 46. Ke3 {[%clk 0:38:27]} Ke6 {[%clk 0:48:34]} 47. Kf4
{[%clk 0:38:14]} h6 {[%clk 0:48:33]} 48. g4 {[%clk 0:36:29]} g5+ {[%clk 0:41:18]}
49. Kg3 {[%clk 0:36:40]} Ke5 {[%clk 0:34:28]} 50. h4 {[%clk 0:36:56]} Ke4
{[%clk 0:34:40]} 51. hxg5 {[%clk 0:36:24]} hxg5 {[%clk 0:35:06]} 52. Kh3
{[%clk 0:36:02]} Kf3 {[%clk 0:35:26]} 53. Kh2 {[%clk 0:36:30]} Kxg4
{[%clk 0:35:50]} 54. Kg2 {[%clk 0:36:35]} Kf4 {[%clk 0:36:06]} 55. Kf2
{[%clk 0:36:56]} g4 {[%clk 0:36:04]} 56. Kg2 {[%clk 0:37:05]} Nf6
{[%clk 0:36:03]} 57. b5 {[%clk 0:37:23]} Ke5 {[%clk 0:36:19]} 58. b6
{[%clk 0:37:16]} Kd6 {[%clk 0:36:40]} 59. b7 {[%clk 0:36:22]} Kc7
{[%clk 0:37:07]} 60. b8=Q+ {[%clk 0:36:32]} Kxb8 {[%clk 0:37:36]} 61. Kg3
{[%clk 0:36:59]} Kc7 {[%clk 0:37:57]} 62. Kf4 {[%clk 0:37:25]} Kd6
{[%clk 0:38:19]} 63. Kg3 {[%clk 0:37:49]} Ke5 {[%clk 0:38:43]} 64. Kg2
{[%clk 0:38:12]} Kf4 {[%clk 0:38:45]} 65. Kf2 {[%clk 0:38:29]} g3+
{[%clk 0:38:55]} 66. Kg2 {[%clk 0:38:58]} Kg4 {[%clk 0:39:15]} 67. Kg1
{[%clk 0:39:25]} Kf3 {[%clk 0:39:36]} 68. Kf1 {[%clk 0:39:48]} g2+
{[%clk 0:39:58]} 69. Kg1 {[%clk 0:40:16]} Ne4 {[%clk 0:40:22]} 0-1

[Event "George Trundle Reserves 2016"]
[Site "Auckland"]
[Date "2016.07.16"]
[Round "8.4"]
[White "Hair, Philip I"]
[Black "Jia, Hao"]
[Result "1/2-1/2"]
[LiveChessVersion "1.4.8"]
[BlackElo "1930"]
[WhiteElo "1907"]

1. e4 {[%clk 1:30:55]} e6 {[%clk 1:30:49]} 2. Qe2 {[%clk 1:30:33]} c5
{[%clk 1:31:09]} 3. f4 {[%clk 1:30:57]} Nc6 {[%clk 1:26:37]} 4. Nf3
{[%clk 1:31:19]} g6 {[%clk 1:24:27]} 5. g3 {[%clk 1:31:36]} Bg7 {[%clk 1:24:44]}
6. Bg2 {[%clk 1:31:58]} Nge7 {[%clk 1:24:06]} 7. O-O {[%clk 1:29:43]} O-O
{[%clk 1:13:35]} 8. d3 {[%clk 1:28:28]} d6 {[%clk 1:13:14]} 9. c3
{[%clk 1:27:54]} e5 {[%clk 1:02:15]} 10. Be3 {[%clk 1:25:05]} b6 {[%clk 1:02:26]}
11. Na3 {[%clk 1:05:34]} Ba6 {[%clk 0:56:18]} 12. c4 {[%clk 0:59:32]} Bb7
{[%clk 0:53:53]} 13. Rab1 {[%clk 0:56:37]} h6 {[%clk 0:40:48]} 14. Qd2
{[%clk 0:52:49]} Kh7 {[%clk 0:39:51]} 15. Nb5 {[%clk 0:39:13]} Nd4
{[%clk 0:33:09]} 16. Nbxd4 {[%clk 0:29:46]} exd4 {[%clk 0:31:40]} 17. Bf2
{[%clk 0:30:09]} Qc7 {[%clk 0:26:32]} 18. g4 {[%clk 0:24:55]} f5 {[%clk 0:25:05]}
19. exf5 {[%clk 0:24:14]} gxf5 {[%clk 0:24:54]} 20. g5 {[%clk 0:24:27]} Ng6
{[%clk 0:23:51]} 21. h4 {[%clk 0:15:48]} h5 {[%clk 0:19:06]} 22. Rbe1
{[%clk 0:12:52]} Rae8 {[%clk 0:18:41]} 23. b3 {[%clk 0:11:10]} d5
{[%clk 0:17:51]} 24. Rxe8 {[%clk 0:06:26]} Rxe8 {[%clk 0:18:16]} 25. Ne5
{[%clk 0:06:26]} dxc4 {[%clk 0:06:23]} 26. bxc4 {[%clk 0:06:21]} Bxg2
{[%clk 0:06:34]} 27. Kxg2 {[%clk 0:06:45]} Nxf4+ {[%clk 0:05:37]} 28. Qxf4
{[%clk 0:07:02]} Qxe5 {[%clk 0:06:02]} 29. g6+ {[%clk 0:07:12]} Kg8
{[%clk 0:06:13]} 30. Qf3 {[%clk 0:06:33]} Qe2 {[%clk 0:03:44]} 31. Qxf5
{[%clk 0:01:13]} Rf8 {[%clk 0:04:05]} 1/2-1/2

[Event "George Trundle Reserves 2016"]
[Site "Auckland"]
[Date "2016.07.16"]
[Round "8.5"]
[White "Eade, Don"]
[Black "Taylor, Richard"]
[Result "0-1"]
[LiveChessVersion "1.4.8"]
[BlackElo "1866"]
[WhiteElo "1837"]

1. Nf3 {[%clk 1:30:47]} d5 {[%clk 1:30:49]} 2. g3 {[%clk 1:31:05]} c5
{[%clk 1:31:13]} 3. Bg2 {[%clk 1:31:31]} Nc6 {[%clk 1:31:38]} 4. O-O
{[%clk 1:31:09]} e5 {[%clk 1:31:55]} 5. d3 {[%clk 1:31:06]} Nf6 {[%clk 1:31:05]}
6. b3 {[%clk 1:31:00]} Be7 {[%clk 1:31:01]} 7. c4 {[%clk 1:30:59]} d4
{[%clk 1:30:11]} 8. Re1 {[%clk 1:29:07]} O-O {[%clk 1:28:09]} 9. Bb2
{[%clk 1:26:18]} e4 {[%clk 1:05:57]} 10. dxe4 {[%clk 1:23:38]} Nxe4
{[%clk 1:04:02]} 11. Nbd2 {[%clk 1:16:59]} Nxd2 {[%clk 0:55:47]} 12. Qxd2
{[%clk 1:16:12]} Bf6 {[%clk 0:54:54]} 13. Rad1 {[%clk 1:10:18]} Bf5
{[%clk 0:51:44]} 14. a3 {[%clk 1:08:31]} a5 {[%clk 0:51:03]} 15. Qc1
{[%clk 1:01:54]} Qb6 {[%clk 0:48:01]} 16. e3 {[%clk 0:57:00]} Rfe8
{[%clk 0:41:22]} 17. exd4 {[%clk 0:55:40]} Nxd4 {[%clk 0:37:51]} 18. Rxe8+
{[%clk 0:51:17]} Rxe8 {[%clk 0:38:21]} 19. Nxd4 {[%clk 0:50:56]} cxd4 20. c5
{[%clk 0:49:14]} Qxb3 {[%clk 0:38:13]} 21. Bxd4 {[%clk 0:46:57]} Rd8
{[%clk 0:33:48]} 22. Qa1 {[%clk 0:43:07]} Qa4 {[%clk 0:32:18]} 23. Bxb7
{[%clk 0:35:44]} Bxd4 {[%clk 0:23:47]} 24. Kg2 {[%clk 0:30:08]} Qd7
{[%clk 0:19:48]} 25. c6 {[%clk 0:28:35]} Bh3+ {[%clk 0:15:07]} 26. Kg1
{[%clk 0:28:49]} Bxf2+ {[%clk 0:14:02]} 27. Kxf2 {[%clk 0:29:00]} Qxd1
{[%clk 0:13:57]} 28. c7 {[%clk 0:29:14]} Rd2+ {[%clk 0:13:49]} 29. Ke3
{[%clk 0:29:31]} Qe2+ {[%clk 0:13:49]} 30. Kf4 {[%clk 0:29:55]} Qg4+
{[%clk 0:14:08]} 31. Ke3 {[%clk 0:30:10]} Qe2+ {[%clk 0:13:23]} 32. Kf4
{[%clk 0:30:34]} g5+ {[%clk 0:13:37]} 33. Kxg5 {[%clk 0:30:55]} Qg4+
{[%clk 0:14:03]} 34. Kf6 {[%clk 0:31:16]} Qg7+ {[%clk 0:12:22]} 35. Ke7
{[%clk 0:31:30]} Rd7+ {[%clk 0:12:46]} 0-1